<?xml version="1.0" encoding="UTF-8"?>
<record
    xmlns:xsi="http://www.w3.org/2001/XMLSchema-instance"
    xsi:schemaLocation="http://www.loc.gov/MARC21/slim http://www.loc.gov/standards/marcxml/schema/MARC21slim.xsd"
    xmlns="http://www.loc.gov/MARC21/slim">

  <leader>00475nam a2200181   4500</leader>
  <controlfield tag="003">SEACOMMC</controlfield>
  <controlfield tag="005">20250424134250.0</controlfield>
  <controlfield tag="008">241104b        |||||||| |||| 00| 0 eng d</controlfield>
  <datafield tag="020" ind1=" " ind2=" ">
    <subfield code="a"> 978-81-74463-40-1</subfield>
    <subfield code="c">Rs.260.00</subfield>
  </datafield>
  <datafield tag="040" ind1=" " ind2=" ">
    <subfield code="a">SEACOMMC</subfield>
  </datafield>
  <datafield tag="082" ind1=" " ind2=" ">
    <subfield code="a"> 658.4095</subfield>
    <subfield code="b">U 14</subfield>
  </datafield>
  <datafield tag="100" ind1=" " ind2=" ">
    <subfield code="a"> Uberoi, N.K.</subfield>
  </datafield>
  <datafield tag="245" ind1="1" ind2=" ">
    <subfield code="a">Environmental Management</subfield>
    <subfield code="c"> N.K. Uberoi</subfield>
  </datafield>
  <datafield tag="250" ind1=" " ind2=" ">
    <subfield code="a">2nd ed.</subfield>
  </datafield>
  <datafield tag="260" ind1=" " ind2=" ">
    <subfield code="a">New Delhi</subfield>
    <subfield code="b"> Excel Books </subfield>
    <subfield code="c"> 2003</subfield>
  </datafield>
  <datafield tag="650" ind1=" " ind2=" ">
    <subfield code="a"> Management-General EVS</subfield>
  </datafield>
  <datafield tag="942" ind1=" " ind2=" ">
    <subfield code="c">BOOK</subfield>
  </datafield>
  <datafield tag="952" ind1=" " ind2=" ">
    <subfield code="0">0</subfield>
    <subfield code="1">0</subfield>
    <subfield code="2">ddc</subfield>
    <subfield code="4">0</subfield>
    <subfield code="7">0</subfield>
    <subfield code="a">SEACOMMC</subfield>
    <subfield code="b">SEACOMMC</subfield>
    <subfield code="c">REF</subfield>
    <subfield code="d">2007-11-13</subfield>
    <subfield code="l">0</subfield>
    <subfield code="o"> 658.4095 U 14</subfield>
    <subfield code="p">M-793</subfield>
    <subfield code="r">2024-11-04 14:38:04</subfield>
    <subfield code="w">2024-11-04</subfield>
    <subfield code="y">BOOK</subfield>
  </datafield>
  <datafield tag="952" ind1=" " ind2=" ">
    <subfield code="0">0</subfield>
    <subfield code="1">0</subfield>
    <subfield code="2">ddc</subfield>
    <subfield code="4">0</subfield>
    <subfield code="7">0</subfield>
    <subfield code="a">SEACOMMC</subfield>
    <subfield code="b">SEACOMMC</subfield>
    <subfield code="d">2007-11-13</subfield>
    <subfield code="l">0</subfield>
    <subfield code="o"> 658.4095 U 14</subfield>
    <subfield code="p">M-794</subfield>
    <subfield code="r">2024-11-04 14:38:36</subfield>
    <subfield code="t">1</subfield>
    <subfield code="w">2024-11-04</subfield>
    <subfield code="y">BOOK</subfield>
  </datafield>
  <datafield tag="952" ind1=" " ind2=" ">
    <subfield code="0">0</subfield>
    <subfield code="1">0</subfield>
    <subfield code="2">ddc</subfield>
    <subfield code="4">0</subfield>
    <subfield code="7">0</subfield>
    <subfield code="a">SEACOMMC</subfield>
    <subfield code="b">SEACOMMC</subfield>
    <subfield code="d">2007-11-13</subfield>
    <subfield code="l">0</subfield>
    <subfield code="o"> 658.4095 U 14</subfield>
    <subfield code="p">M-795</subfield>
    <subfield code="r">2024-11-04 14:38:36</subfield>
    <subfield code="t">2</subfield>
    <subfield code="w">2024-11-04</subfield>
    <subfield code="y">BOOK</subfield>
  </datafield>
  <datafield tag="952" ind1=" " ind2=" ">
    <subfield code="0">0</subfield>
    <subfield code="1">0</subfield>
    <subfield code="2">ddc</subfield>
    <subfield code="4">0</subfield>
    <subfield code="7">0</subfield>
    <subfield code="a">SEACOMMC</subfield>
    <subfield code="b">SEACOMMC</subfield>
    <subfield code="d">2007-11-13</subfield>
    <subfield code="l">0</subfield>
    <subfield code="o"> 658.4095 U 14</subfield>
    <subfield code="p">M-796</subfield>
    <subfield code="r">2024-11-04 14:38:36</subfield>
    <subfield code="t">3</subfield>
    <subfield code="w">2024-11-04</subfield>
    <subfield code="y">BOOK</subfield>
  </datafield>
  <datafield tag="952" ind1=" " ind2=" ">
    <subfield code="0">0</subfield>
    <subfield code="1">0</subfield>
    <subfield code="2">ddc</subfield>
    <subfield code="4">0</subfield>
    <subfield code="7">0</subfield>
    <subfield code="a">SEACOMMC</subfield>
    <subfield code="b">SEACOMMC</subfield>
    <subfield code="d">2007-11-13</subfield>
    <subfield code="l">0</subfield>
    <subfield code="o"> 658.4095 U 14</subfield>
    <subfield code="p">M-797</subfield>
    <subfield code="r">2024-11-04 14:38:36</subfield>
    <subfield code="t">4</subfield>
    <subfield code="w">2024-11-04</subfield>
    <subfield code="y">BOOK</subfield>
  </datafield>
  <datafield tag="999" ind1=" " ind2=" ">
    <subfield code="c">729</subfield>
    <subfield code="d">729</subfield>
  </datafield>
</record>
